|
|
|
|
| LEADER |
00000cam a2200000 7i4500 |
| 001 |
0000009651 |
| 005 |
20110207.0 |
| 008 |
110207 eng |
| 020 |
|
|
|a 9839839063
|
| 090 |
0 |
0 |
|a 332.632 OTH
|
| 100 |
1 |
|
|a Othman Yong,Dr.
|
| 245 |
1 |
0 |
|a How To Go For The Big Money :
|b A Sequence To How To Invest And Succeed In The Stock Market
|c Dr.Othman Yong.
|
| 260 |
|
|
|a Kuala Lumpur :
|b Leeds Publications ,
|c 1994
|
| 300 |
|
|
|a viii,183p. ;
|c 19cm.
|
| 650 |
0 |
0 |
|a Stock
|x Exchange.
|
| 999 |
|
|
|a 0000261713
|b Buku
|c Rak Terbuka
|e Perpustakaan Cawangan Jasin
|
| 999 |
|
|
|a 22114
|b Buku
|c Rak Terbuka
|e Perpustakaan Cawangan Masjid Tanah
|
| 999 |
|
|
|a 71109
|b Buku
|c Rak Terbuka
|e Perbadanan Perpustakaan Awam Melaka
|